| 000 | 01142cam a22002771 4500 | ||
|---|---|---|---|
| 001 | e 42000091 | ||
| 003 | DLC | ||
| 005 | 20260227111230.0 | ||
| 008 | 781212s1940 xx 000 0 eng c | ||
| 010 | _ae 42000091 | ||
| 035 | _a(OCoLC)4444737 | ||
| 040 |
_aUnited States Off. of education Library _cOCl _dDLC |
||
| 042 | _apremarc | ||
| 050 | 0 | 0 |
_aLB1205 _b.A82 |
| 110 | 2 |
_aAssociation for Childhood Education. _bCommittee of nineteen. |
|
| 245 | 1 | 0 |
_aHistory of the kindergarten movement in the western states, Hawaii and Alaska. _cPresented at the 47th annual convention of the Association for childhood education, Milwaukee, Wisconsin, 1940. |
| 260 |
_a[Washington, _c1940] |
||
| 300 |
_a67 p. _c23 cm. |
||
| 500 | _aBarbara Greenwood, compiler; Lucy Wheelock, chairman. | ||
| 500 | _aFourth of a series of four bulletins prepared by the Committee of nineteen on the history of the kindergarten in the United States. cf. Foreword. | ||
| 650 | 0 |
_aKindergarten _xHistory. |
|
| 650 | 0 |
_aEducation _zHawaii _xHistory. |
|
| 650 | 0 |
_aEducation _zAlaska _xHistory. |
|
| 700 | 1 |
_aGreenwood, Barbara, _ecomp. |
|
| 700 | 1 | _aWheelock, Lucy. | |
| 999 |
_c21854 _d21854 |
||